000 00480nam a22001577a 4500
005 20251108164101.0
008 250721s1985 xx 000 0 ara d
082 1 4 _a210.9/محم
100 1 _aعمارة، محمد
245 1 0 _aالصحوة الإسلامية و التحدي الحضاري /
264 1 _aالقاهرة :
_bدار المستقبل العربي،
_c1985.
300 _a182ص.
650 1 7 _aالتاريخ الإسلامي
942 _2ddc
_cBK
999 _c3198
_d3198